| 000 | 00659nam a2200205Ia 4500 | ||
|---|---|---|---|
| 005 | 20250508161740.0 | ||
| 008 | 008 250505s9999 xx 000 0 eng d | ||
| 037 | _aTextual | ||
| 040 |
_aFEDL _beng _cFEDL |
||
| 041 |
_aeng _2eng |
||
| 084 |
_a378.1, AYE _qFEDL |
||
| 100 |
_aAyers Archie R _9764799 |
||
| 245 | 0 | _aStudent services administration in higher education | |
| 245 | 0 | _cU S Department of Health, Education and Welfare | |
| 260 |
_aWashington, USA _bU.S. Government Printing Office _c1966 |
||
| 300 | _axiii,229p | ||
| 700 |
_a Tripp Philip A Russel John H _9771493 |
||
| 942 |
_cTEXL _h378.1, AYE |
||
| 999 |
_c1371871 _d1371871 |
||